| 000 | 01422cam a2200337 a 4500 | ||
|---|---|---|---|
| 001 | 15419359 | ||
| 005 | 20160810095250.0 | ||
| 007 | co |g||||||||| | ||
| 008 | 080820s2010 njua 001 0 eng | ||
| 010 | _a 2008036901 | ||
| 020 | _a0321559835 | ||
| 020 | _a9780321559838 | ||
| 020 | _a9780321609403 (internatioinal ed.) | ||
| 020 | _a0321609409 (internatioinal ed.) | ||
| 035 | _a(OCoLC)ocn244339636 | ||
| 040 |
_aDLC _cDLC _dYDX _dBTCTA _dYDXCP _dSINPL _dDLC |
||
| 050 | 0 | 0 |
_aQA152.3 _b.B642 2010 |
| 082 | 0 | 0 |
_a512.9 _222 |
| 100 | 1 | _aBlitzer, Robert. | |
| 245 | 1 | 0 |
_aCollege algebra / _cRobert Blitzer. |
| 250 | _a5th ed. | ||
| 260 |
_aUpper Saddle River, NJ : _bPearson/Prentice Hall, _cc2010. |
||
| 300 |
_axviii, 752 p., [76] p. : _bill. (some col.) ; _c29 cm. + _e1 CD-ROM (4 3/4 in.) |
||
| 500 | _aIncludes index. | ||
| 538 | _aSystem requirements: 300MHz Pentium II processor; 64MB RAM; Windows XP Service Pack 2 or Vista, Mac OS 10.x; QuickTime 7.x; CD-ROM drive, sound card, 800 x 600 resolution. | ||
| 650 | 0 |
_aAlgebra _vTextbooks. |
|
| 856 | 4 | 1 |
_3Table of contents only _uhttp://www.loc.gov/catdir/toc/ecip0826/2008036901.html |
| 906 |
_a7 _bcbc _corignew _d1 _eecip _f20 _gy-gencatlg |
||
| 942 |
_2lcc _cBOOKS _hQA 152.3 .B642 2010 |
||
| 999 |
_c13221 _d13221 |
||